| 000 | 00517nam a22001932 4500 | ||
|---|---|---|---|
| 001 | 0000001285 | ||
| 005 | 20170406113321.0 | ||
| 008 | 131216s xx 000 0 eng d | ||
| 020 |
_a0117016381 : _c$ |
||
| 040 |
_aYour Holding Symbol _cYour Holding Symbol |
||
| 245 | 1 | 0 |
_aBritain 1992 : _ban official handbook. |
| 250 | _a ed. | ||
| 260 |
_aLondon : _bHMSO. |
||
| 300 |
_aix, 468 p. ; _c cm. |
||
| 504 | _aIncludes index. | ||
| 591 |
_a2003 _bDonation |
||
| 651 | 0 | _aBritain. | |
| 908 | _a131216 | ||
| 999 |
_c1202 _d1202 |
||